[Event "Loire-ch op"]
[Site "Loire"]
[Date "2004.03.06"]
[Round "3"]
[White "Gidrol, Thibault"]
[Black "Gerey, Bernard"]
[Result "1-0"]
[WhiteElo "1440"]
[BlackElo "1210"]
[PlyCount "55"]
[EventDate "2004.01.10"]
[EventType "swiss"]
[EventRounds "9"]
[EventCountry "FRA"]
[SourceTitle "EXT 2008"]
[Source "ChessBase"]
[SourceDate "2007.11.25"]
[SourceVersion "1"]
[SourceVersionDate "2007.11.25"]
[SourceQuality "1"]

1. e4 c5 2. Nf3 Nc6 3. d3 e5 4. Nbd2 Nf6 5. g3 d6 6. Bg2 Be7 7. 0-0 0-0 8. Re1 b5 9. b3 Bb7 10. c3 a5 11. Bb2 Qb6 12. c4 Nd4 13. Nxd4 cxd4 14. cxb5 Qxb5 15. a4 Qxd3 16. Bf1 Qxf1+ 17. Kxf1 Ba6+ 18. Kg1 Bd8 19. Ba3 Bc7 20. Rc1 Rac8 21. Rxc7 Rxc7 22. Bxd6 Rfc8 23. Bxc7 Rxc7 24. Nf3 Ng4 25. Nxd4 Nf6 26. Nf3 Bb7 27. Qd8+ Ne8 28. Qxe8# 1-0